000
00320nam a2200133Ia 4500
005
20251222143232.0
008
251222s9999||||xx |||||||||||||| ||spa||
020
_a
978-88-317-9426
082
_a
458.37/B17
100
_a
Balboni, Paolo E.
245
0
_a
Imparare le Lingue Straniere
264
_b
Marsilio
942
_c
LIB
999
_c
14255
_d
14255